000 00708nam a22002417i 4500
003 URS
336 _atext
_btxt
_2rdacontent
337 _aunmediated
_bn
_2rdamedia
338 _avolume
_bnc
_2rdacarrier
005 20220117094726.0
008 200129b ||||| |||| 00| 0 eng d
020 _a9781602773035
040 _aDLC
_beng
_erda
_cDMLUC
_dURSR
050 0 0 _aQA 152
_bS 9 2009
100 _aSaxon
245 _aAlgebra 2
_cSaxon
250 _aStudent Edition
264 1 _aOrlando, FL
_bHMH Supplemental Publishers Incorporated
_c2009.
300 _a964 pages
_bColored, Illustration.
_c28.5 cm
504 _aIncludes Glossary and Index
650 _2Algebra
942 _2lcc
_cFR
_eStudent Edition
999 _c11749
_d11749